000 00521nam a2200181Ia 4500
005 20250326125626.0
008 250326s9999 xx 000 0 und d
037 _aTextbook
040 _aFMSL
_beng
_cFMSL
041 _aeng
_2eng
084 _aX:8f L6
_qFMSL
100 _aWadhva C D
245 0 _aPlacement of management graduates expectations and experiences
_cWadhva C D; Garg P K
260 _aAhmedabad
_bAhmedabad, IIM
_c1976
300 _a54p
942 _cTB
_hX:8f L6
999 _c1278846
_d1278846